00382pab a2200121 454500008004000000100002000040245010600060260000900166300001100175362001200186650002800198773003400226180718b1987 xxu||||| |||| 00| 0 eng d aChaoudhry, Prem aSocio - economic dimensions of certain customs and attitudesbWomen of Haryana in the Colonial period c1987 a2060-6 a28 Nov. aWomen - India - Haryana aEconomic and Political Weekly